<?xml version="1.0" encoding="UTF-8"?><?xml-stylesheet type="text/xsl" href="static/style.xsl"?><OAI-PMH xmlns="http://www.openarchives.org/OAI/2.0/" xmlns:xsi="http://www.w3.org/2001/XMLSchema-instance" xsi:schemaLocation="http://www.openarchives.org/OAI/2.0/ http://www.openarchives.org/OAI/2.0/OAI-PMH.xsd"><responseDate>2026-04-17T20:11:52Z</responseDate><request verb="GetRecord" identifier="oai:riubu.ubu.es:10259/4751" metadataPrefix="marc">https://riubu.ubu.es/oai/request</request><GetRecord><record><header><identifier>oai:riubu.ubu.es:10259/4751</identifier><datestamp>2021-11-10T09:38:24Z</datestamp><setSpec>com_10259_4535</setSpec><setSpec>com_10259_5086</setSpec><setSpec>com_10259_2604</setSpec><setSpec>com_10259_4249</setSpec><setSpec>col_10259_4536</setSpec><setSpec>col_10259_4250</setSpec></header><metadata><record xmlns="http://www.loc.gov/MARC21/slim" xmlns:doc="http://www.lyncode.com/xoai" xmlns:xsi="http://www.w3.org/2001/XMLSchema-instance" xmlns:dcterms="http://purl.org/dc/terms/" xsi:schemaLocation="http://www.loc.gov/MARC21/slim http://www.loc.gov/standards/marcxml/schema/MARC21slim.xsd">
<leader>00925njm 22002777a 4500</leader>
<datafield tag="042" ind1=" " ind2=" ">
<subfield code="a">dc</subfield>
</datafield>
<datafield tag="720" ind1=" " ind2=" ">
<subfield code="a">Lorente Marín, Ana</subfield>
<subfield code="e">author</subfield>
</datafield>
<datafield tag="720" ind1=" " ind2=" ">
<subfield code="a">Sánchez Pastor, Mª Sagrario</subfield>
<subfield code="e">author</subfield>
</datafield>
<datafield tag="260" ind1=" " ind2=" ">
<subfield code="c">2018-02</subfield>
</datafield>
<datafield tag="520" ind1=" " ind2=" ">
<subfield code="a">This paper analyzes a discrete-time Geoa/Geob/1 queuing system with batch&#xd;
arrivals of fixed size a , and batch services of fixed size b. Both arrivals and services&#xd;
occur randomly following a geometric distribution. The steady-state&#xd;
queue length distribution is obtained as the solution of a system of difference&#xd;
equations. Necessary and sufficient conditions are given for the system to be&#xd;
stationary. Besides, the uniqueness of the root of the characteristic polynomial&#xd;
in the interval (0, 1) is proven which is the only root needed for the computation&#xd;
of the theoretical solution with the proposed procedure. The theoretical&#xd;
results are compared with the ones observed in some simulations of the&#xd;
queuing system under different sets of parameters. The agreement of the results&#xd;
encourages the use of simulation for more complex systems. Finally, we&#xd;
explore the effect of parameters on the mean length of the queue as well as on&#xd;
the mean waiting time.</subfield>
</datafield>
<datafield tag="024" ind2=" " ind1="8">
<subfield code="a">2152-7385</subfield>
</datafield>
<datafield tag="024" ind2=" " ind1="8">
<subfield code="a">http://hdl.handle.net/10259/4751</subfield>
</datafield>
<datafield tag="024" ind2=" " ind1="8">
<subfield code="a">10.4236/am.2018.92011</subfield>
</datafield>
<datafield ind1=" " ind2=" " tag="653">
<subfield code="a">Discrete-Time Queuing System</subfield>
</datafield>
<datafield ind1=" " ind2=" " tag="653">
<subfield code="a">Batch Arrivals</subfield>
</datafield>
<datafield ind1=" " ind2=" " tag="653">
<subfield code="a">Batch Services</subfield>
</datafield>
<datafield ind1=" " ind2=" " tag="653">
<subfield code="a">Stationary Systems</subfield>
</datafield>
<datafield tag="245" ind1="0" ind2="0">
<subfield code="a">Effect of parameters on Geoa/Geob/1 Queues: theoretical analysis and simulation results</subfield>
</datafield>
</record></metadata></record></GetRecord></OAI-PMH>